[Event "Oberliga Ost-B 1920"]
[Site "Germany"]
[Date "2021.07.18"]
[Round "11.7"]
[White "Haubt, Georg"]
[Black "Mao, Kevin"]
[Result "1-0"]
[WhiteElo "2058"]
[BlackElo "2040"]
[PlyCount "43"]
[EventDate "2019.09.29"]
[EventType "team-tourn"]
[EventRounds "11"]
[EventCountry "GER"]
[SourceTitle "EXT 2023"]
[Source "ChessBase"]
[SourceDate "2022.10.05"]
[SourceVersion "1"]
[SourceVersionDate "2022.10.05"]
[SourceQuality "1"]
[WhiteTeam "Oberursel"]
[BlackTeam "Gernsheim"]
[WhiteTeamCountry "GER"]
[BlackTeamCountry "GER"]

1. d4 d5 2. Bf4 Nf6 3. e3 g6 4. h4 Bg7 5. Nd2 0-0 6. h5 Nxh5 7. Rxh5 gxh5 8. Qxh5 Qd7 9. Bd3 h6 10. f3 Qe6 11. g4 c5 12. 0-0-0 Nc6 13. c3 b5 14. g5 b4 15. gxh6 Bf6 16. Nb3 Nxd4 17. Nxc5 Nb3+ 18. Nxb3 bxc3 19. Ne2 Qb6 20. Nxc3 e5 21. Bg5 Bb7 22. Qg4 1-0

[Event "Oberliga Ost-B 1920"]
[Site "Germany"]
[Date "2021.07.17"]
[Round "10.6"]
[White "Weiss, Matthias"]
[Black "Mao, Kevin"]
[Result "0-1"]
[WhiteElo "2033"]
[BlackElo "2040"]
[PlyCount "44"]
[EventDate "2019.09.29"]
[EventType "team-tourn"]
[EventRounds "11"]
[EventCountry "GER"]
[SourceTitle "EXT 2023"]
[Source "ChessBase"]
[SourceDate "2022.10.05"]
[SourceVersion "1"]
[SourceVersionDate "2022.10.05"]
[SourceQuality "1"]
[WhiteTeam "Schoeneck"]
[BlackTeam "Gernsheim"]
[WhiteTeamCountry "GER"]
[BlackTeamCountry "GER"]

1. e4 e5 2. Nf3 Nc6 3. Nc3 Nf6 4. d4 Bb4 5. Nxe5 Qe7 6. Bc4 Nxe5 7. dxe5 Qxe5 8. 0-0 Bxc3 9. bxc3 Qxc3 10. e5 Qxa1 11. exf6 Qxf6 12. Re1+ Kd8 13. Qe2 c6 14. Ba3 Kc7 15. Be7 Qf5 16. Bxf7 b5 17. Qd2 Qxf7 18. Qa5+ Kb7 19. Bd6 Re8 20. Rb1 Qd5 21. Bg3 d6 22. a4 a6 0-1

[Event "GER-ch Net blitz qual3"]
[Site "Playchess.com INT"]
[Date "2021.05.07"]
[Round "11"]
[White "Haensel, Marvin"]
[Black "Mao, Kevin"]
[Result "1-0"]
[WhiteElo "1651"]
[BlackElo "1844"]
[PlyCount "105"]
[EventDate "2021.05.07"]
[EventType "swiss (blitz)"]
[EventRounds "11"]
[EventCountry "GER"]
[SourceTitle "CBM 202 Extra"]
[Source "ChessBase"]
[SourceDate "2021.07.31"]
[SourceVersion "1"]
[SourceVersionDate "2021.07.31"]
[SourceQuality "1"]

1. d4 Nf6 2. c4 Nc6 3. Nf3 e6 4. g3 Bb4+ 5. Nbd2 0-0 6. Bg2 d6 7. 0-0 Bxd2 8. Qxd2 e5 9. d5 Nb8 10. b3 Nbd7 11. Bb2 a5 12. Qc2 Nc5 13. Rfe1 Bg4 14. Ng5 Bh5 15. f3 Bg6 16. e4 Nfd7 17. h4 h6 18. Nh3 f5 19. f4 fxe4 20. fxe5 Nxe5 21. Nf4 Bh7 22. a3 Ned3 23. Bc3 Nxe1 24. Rxe1 Nd3 25. Ne6 Nxe1 26. Bxe1 Qe7 27. Bc3 Rf7 28. Bxe4 Bxe4 29. Qxe4 Re8 30. Qg6 c6 31. Kg2 cxd5 32. cxd5 b6 33. Kh3 Rc8 34. Bxg7 Rxg7 35. Nxg7 Qd7+ 36. Ne6+ Kh8 37. Qf6+ Kg8 38. Qxh6 Re8 39. Qg6+ Kh8 40. h5 b5 41. h6 a4 42. bxa4 bxa4 43. g4 Rc8 44. Kh4 Rc4 45. Qf6+ Kg8 46. Qf8+ Kh7 47. Qf5+ Kh8 48. Kh5 Qe8+ 49. Kh4 Qe7+ 50. Ng5 Rc5 51. Kh5 Rc7 52. Qg6 Rb7 53. h7 1-0

[Event "GER-ch Net blitz qual3"]
[Site "Playchess.com INT"]
[Date "2021.05.07"]
[Round "5"]
[White "Mao, Kevin"]
[Black "Kolb, Tobias"]
[Result "1/2-1/2"]
[WhiteElo "1844"]
[BlackElo "2022"]
[PlyCount "124"]
[EventDate "2021.05.07"]
[EventType "swiss (blitz)"]
[EventRounds "11"]
[EventCountry "GER"]
[SourceTitle "CBM 202 Extra"]
[Source "ChessBase"]
[SourceDate "2021.07.31"]
[SourceVersion "1"]
[SourceVersionDate "2021.07.31"]
[SourceQuality "1"]

1. e4 c6 2. Nf3 d5 3. exd5 cxd5 4. Ne5 Nf6 5. Bb5+ Nbd7 6. 0-0 g6 7. d4 Bg7 8. c3 0-0 9. Qe2 Ne4 10. f3 Nd6 11. Bd3 Re8 12. f4 Nf6 13. Nd2 Bf5 14. g4 Bxd3 15. Nxd3 Nfe4 16. f5 gxf5 17. gxf5 Bf6 18. Nf4 Nxd2 19. Bxd2 Ne4 20. Nh5 Kh8 21. Bh6 Rg8+ 22. Kh1 Bg5 23. Bxg5 Rxg5 24. Rg1 Rxf5 25. Rg2 Qf8 26. Rag1 Qh6 27. Ng3 Nxg3+ 28. Rxg3 e6 29. Qg2 Qf8 30. Rg7 Rh5 31. Qg3 Rh6 32. Qe5 f6 33. Qxe6 Qxg7 34. Rxg7 Kxg7 35. Qd7+ Kh8 36. Qxb7 Rg8 37. Qxd5 Rhg6 38. h3 Rg1+ 39. Kh2 Rb1 40. b4 Rb2+ 41. Kh1 Rb1+ 42. Kh2 Rb2+ 43. Kh1 Rc2 44. Qf5 Rxc3 45. Qxf6+ Rg7 46. Qf5 Rc1+ 47. Kh2 Rcg1 48. Qf2 Rd1 49. b5 h6 50. a4 Ra1 51. Qd2 Rxa4 52. Qxh6+ Kg8 53. Qe6+ Kh8 54. Qe8+ Kh7 55. Qe4+ Kh8 56. Qe8+ Kh7 57. Qe4+ Kh8 58. h4 Ra2+ 59. Kh3 Ra3+ 60. Kh2 Ra2+ 61. Kh3 Ra3+ 62. Kh2 Ra2+ 1/2-1/2

[Event "GER-ch Net blitz qual3"]
[Site "Playchess.com INT"]
[Date "2021.05.07"]
[Round "7"]
[White "Mao, Kevin"]
[Black "Tiarks, Jann Christian"]
[Result "1-0"]
[WhiteElo "1844"]
[BlackElo "2083"]
[PlyCount "99"]
[EventDate "2021.05.07"]
[EventType "swiss (blitz)"]
[EventRounds "11"]
[EventCountry "GER"]
[SourceTitle "CBM 202 Extra"]
[Source "ChessBase"]
[SourceDate "2021.07.31"]
[SourceVersion "1"]
[SourceVersionDate "2021.07.31"]
[SourceQuality "1"]

1. e4 c5 2. Nc3 a6 3. f4 e6 4. Nf3 d5 5. d3 Nc6 6. Be2 dxe4 7. dxe4 Qxd1+ 8. Nxd1 Nf6 9. Nf2 b5 10. c3 Bb7 11. Be3 Rd8 12. 0-0 Be7 13. Rfd1 0-0 14. Rxd8 Rxd8 15. Rd1 Rxd1+ 16. Bxd1 Na5 17. Bc2 Nc4 18. Bc1 h6 19. b3 Nb6 20. Kf1 c4 21. b4 Kf8 22. Be3 Nfd7 23. Ng4 f6 24. Ke2 Kf7 25. e5 Nd5 26. Bd2 Bd8 27. g3 Bb6 28. a3 Bc7 29. exf6 gxf6 30. Ne3 N7b6 31. Nh4 Nxe3 32. Bxe3 Nd5 33. Bd2 Bb6 34. f5 e5 35. Nf3 h5 36. Nh4 Bg1 37. Nf3 Bb6 38. a4 Ne7 39. axb5 axb5 40. Nh4 Bg1 41. Nf3 Bb6 42. h3 Ke8 43. Nh4 Bg2 44. Nxg2 Kd7 45. Be3 Bc7 46. Bc5 Nd5 47. Kd2 Bd8 48. Ne3 Ne7 49. Be4 Ng8 50. Bf3 1-0

[Event "GER-ch Net blitz qual1"]
[Site "Playchess.com INT"]
[Date "2021.04.24"]
[Round "10"]
[White "Mao, Kevin"]
[Black "Werner, Rene"]
[Result "0-1"]
[WhiteElo "1777"]
[BlackElo "1620"]
[PlyCount "68"]
[EventDate "2021.04.24"]
[EventType "swiss (blitz)"]
[EventRounds "11"]
[EventCountry "GER"]
[SourceTitle "CBM 202 Extra"]
[Source "ChessBase"]
[SourceDate "2021.07.31"]
[SourceVersion "1"]
[SourceVersionDate "2021.07.31"]
[SourceQuality "1"]

1. e4 c5 2. Nc3 d6 3. f4 Nc6 4. Nf3 Nf6 5. Bc4 e6 6. d3 Be7 7. 0-0 0-0 8. Qe1 a6 9. a4 Bd7 10. h3 Nb4 11. Qf2 Rb8 12. g4 b5 13. Bb3 bxa4 14. Nxa4 Bxa4 15. Rxa4 Qb6 16. Be3 Nxd3 17. cxd3 Qxb3 18. g5 Qxa4 19. gxf6 Bxf6 20. e5 Be7 21. Kh1 Qb3 22. Rg1 Qxb2 23. Qg3 g6 24. f5 exf5 25. exd6 Bf6 26. Bxc5 Rfc8 27. d7 Rxc5 28. Rg2 Qb7 29. Qd6 Rc1+ 30. Rg1 Rxg1+ 31. Kxg1 Qb6+ 32. Qxb6 Rxb6 33. Ne5 Re6 34. d4 Rd6 0-1

[Event "GER-chT U20"]
[Site "Osnabrueck"]
[Date "2013.12.27"]
[Round "1.1"]
[White "Miller, Eduard"]
[Black "Mao, Kevin"]
[Result "0-1"]
[WhiteElo "2123"]
[BlackElo "1953"]
[PlyCount "72"]
[EventDate "2013.12.27"]
[EventType "team-swiss"]
[EventRounds "7"]
[EventCountry "GER"]
[SourceTitle "EXT 2015"]
[Source "ChessBase"]
[SourceDate "2014.11.20"]
[SourceVersion "1"]
[SourceVersionDate "2014.11.20"]
[SourceQuality "1"]
[WhiteTeam "Forchheim"]
[BlackTeam "Gernsheim"]
[WhiteTeamCountry "GER"]
[BlackTeamCountry "GER"]

1. e4 e5 2. Nf3 Nc6 3. Bc4 Bc5 4. 0-0 d6 5. c3 Bg4 6. b4 Bb6 7. a4 a6 8. d3 Nf6 9. h3 Bh5 10. g4 Bg6 11. Nh4 Nxe4 12. Nxg6 hxg6 13. dxe4 Rxh3 14. g5 Qd7 15. Kg2 0-0-0 16. Be2 Rh2+ 17. Kxh2 Rh8+ 18. Bh5 Rxh5+ 19. Qxh5 gxh5 20. f3 Ne7 21. Kg2 Qe6 22. Na3 d5 23. Re1 f6 24. exd5 Nxd5 25. Bd2 a5 26. Re4 f5 27. Re2 f4 28. Nc4 Be3 29. Nxe3 fxe3 30. Bxe3 Nxc3 31. Ree1 e4 32. Bd4 exf3+ 33. Kf2 Ne4+ 34. Kxf3 Nxg5+ 35. Kf2 Qf5+ 36. Ke2 Qc2+ 0-1

[Event "Gernsheim U20 op 11th"]
[Site "Gernsheim"]
[Date "2013.05.19"]
[Round "3"]
[White "Paulsen, Alexej"]
[Black "Mao, Kevin"]
[Result "0-1"]
[WhiteElo "1657"]
[BlackElo "1907"]
[PlyCount "92"]
[EventDate "2013.05.18"]
[EventType "swiss"]
[EventRounds "7"]
[EventCountry "GER"]
[SourceTitle "EXT 2015"]
[Source "ChessBase"]
[SourceDate "2014.11.20"]
[SourceVersion "1"]
[SourceVersionDate "2014.11.20"]
[SourceQuality "1"]

1. e4 e5 2. Nf3 Nc6 3. Bb5 a6 4. Ba4 Nf6 5. d3 b5 6. Bb3 d6 7. Ng5 Bg4 8. Nxf7 Bxd1 9. Nxd8 Rxd8 10. Kxd1 Ng4 11. Ke1 Be7 12. h3 Nf6 13. a4 Nd4 14. Nd2 d5 15. axb5 axb5 16. f3 dxe4 17. Nxe4 Nxb3 18. cxb3 Rxd3 19. Ra8+ Rd8 20. Rxd8+ Kxd8 21. Nxf6 gxf6 22. Ke2 Kd7 23. f4 h5 24. Rg1 Ke6 25. Kf3 Rd8 26. Ke2 Rd4 27. Rf1 f5 28. fxe5 Kxe5 29. Bd2 b4 30. Rc1 Bd6 31. Be3 Rd5 32. Rc4 Kf6 33. Bf4 Bxf4 34. Rxf4 c5 35. Rc4 Kg5 36. h4+ Kf6 37. Ke3 Ke5 38. g3 Kf6 39. Kf3 Rd3+ 40. Kf2 Rxb3 41. Rxc5 Rxb2+ 42. Ke3 Rb1 43. Rb5 b3 44. Kd2 b2 45. Rb3 Rg1 46. Rxb2 Rg2+ 0-1

[Event "GER-chT U20"]
[Site "Osnabrueck"]
[Date "2011.12.29"]
[Round "5.2"]
[White "Rafayevych, Vilen"]
[Black "Mao, Kevin"]
[Result "1-0"]
[WhiteElo "2044"]
[BlackElo "1754"]
[PlyCount "47"]
[EventDate "2011.12.27"]
[EventType "team-swiss"]
[EventRounds "7"]
[EventCountry "GER"]
[SourceTitle "CBM 146 Extra"]
[Source "ChessBase"]
[SourceDate "2012.02.29"]
[SourceVersion "1"]
[SourceVersionDate "2012.02.29"]
[SourceQuality "1"]
[WhiteTeam "Magdeburg Aufbau Elbe"]
[BlackTeam "Gernsheim"]
[WhiteTeamCountry "GER"]
[BlackTeamCountry "GER"]

1. d4 d5 2. c4 dxc4 3. e4 Nf6 4. Nc3 e5 5. d5 c6 6. Bxc4 b5 7. Bb3 b4 8. Nce2 Nxe4 9. Nf3 f6 10. Be3 Bb7 11. d6 Nxd6 12. Qc2 Qc7 13. Rc1 Nf7 14. Ng3 Bc8 15. Ne4 Bf5 16. Nxf6+ gxf6 17. Qxf5 Be7 18. 0-0 Nd6 19. Qh5+ Kd7 20. Rfd1 Qd8 21. Qg4+ Kc7 22. Qxb4 a5 23. Qb6+ Kd7 24. Qb7+ 1-0

[Event "GER-chT U20"]
[Site "Osnabrueck"]
[Date "2011.12.28"]
[Round "4.2"]
[White "Mao, Kevin"]
[Black "Schulz, Anja2222"]
[Result "0-1"]
[WhiteElo "1754"]
[BlackElo "2113"]
[PlyCount "64"]
[EventDate "2011.12.27"]
[EventType "team-swiss"]
[EventRounds "7"]
[EventCountry "GER"]
[SourceTitle "CBM 146 Extra"]
[Source "ChessBase"]
[SourceDate "2012.02.29"]
[SourceVersion "1"]
[SourceVersionDate "2012.02.29"]
[SourceQuality "1"]
[WhiteTeam "Gernsheim"]
[BlackTeam "Wilkau Hasslau Muldental"]
[WhiteTeamCountry "GER"]
[BlackTeamCountry "GER"]

1. e4 c5 2. Nc3 Nc6 3. f4 g6 4. Nf3 Bg7 5. d3 d6 6. g3 e6 7. Bg2 Nge7 8. 0-0 0-0 9. Be3 b6 10. Qe1 f5 11. a3 Qd7 12. Rd1 Ba6 13. Rf2 e5 14. fxe5 dxe5 15. exf5 gxf5 16. Bh3 Qd6 17. Bg5 Ng6 18. Nh4 Nxh4 19. Bxh4 Nd4 20. Bg2 Rae8 21. Qd2 Kh8 22. Ne2 e4 23. Bg5 Nf3+ 24. Bxf3 exf3 25. Rxf3 Bb7 26. Re3 Qc6 27. Kf1 Bd4 28. Nxd4 cxd4 29. Re7 f4 30. gxf4 Qf3+ 31. Kg1 Rxe7 32. Bxe7 Rxf4 0-1

[Event "Lippe Cup-A 07th"]
[Site "Lieme"]
[Date "2010.10.16"]
[Round "2"]
[White "Mao, Kevin"]
[Black "Altenbernd, Jannis Domenik"]
[Result "1-0"]
[WhiteElo "1939"]
[BlackElo "1869"]
[PlyCount "67"]
[EventDate "2010.10.15"]
[EventType "swiss"]
[EventRounds "5"]
[EventCountry "GER"]
[SourceTitle "CBM 138 Extra"]
[Source "ChessBase"]
[SourceDate "2010.10.29"]
[SourceVersion "1"]
[SourceVersionDate "2010.10.29"]
[SourceQuality "1"]

1. e4 g6 2. Nc3 Bg7 3. Bc4 d6 4. d3 Nf6 5. h3 0-0 6. f4 c6 7. Be3 d5 8. Bb3 d4 9. Bd2 dxc3 10. Bxc3 Nbd7 11. Qd2 Nc5 12. Nf3 Nxb3 13. axb3 Nd7 14. g4 Qc7 15. 0-0-0 Bxc3 16. bxc3 a5 17. f5 Qd6 18. Kb2 b5 19. h4 b4 20. h5 Qf6 21. d4 bxc3+ 22. Qxc3 Bb7 23. e5 Qg7 24. hxg6 hxg6 25. Ng5 Nb6 26. Rh7 Qxh7 27. Nxh7 Kxh7 28. Qc5 Nc8 29. Rh1+ Kg8 30. f6 Re8 31. g5 exf6 32. gxf6 Na7 33. Qc3 Bc8 34. Qd2 1-0

[Event "Lippe Cup-A 07th"]
[Site "Lieme"]
[Date "2010.10.15"]
[Round "1"]
[White "Heinzel, Olaf"]
[Black "Mao, Kevin"]
[Result "1-0"]
[WhiteElo "2324"]
[BlackElo "1939"]
[PlyCount "51"]
[EventDate "2010.10.15"]
[EventType "swiss"]
[EventRounds "5"]
[EventCountry "GER"]
[SourceTitle "CBM 138 Extra"]
[Source "ChessBase"]
[SourceDate "2010.10.29"]
[SourceVersion "1"]
[SourceVersionDate "2010.10.29"]
[SourceQuality "1"]

1. d4 d5 2. Bf4 Nf6 3. Nf3 Bf5 4. e3 e6 5. Nbd2 Bd6 6. Ne5 Nbd7 7. Be2 Qe7 8. g4 Bg6 9. h4 h5 10. Nxg6 fxg6 11. Bxd6 Qxd6 12. g5 Ng8 13. c4 Qf8 14. cxd5 exd5 15. Qb3 Nb6 16. a4 a5 17. Bd3 Qd6 18. Qb5+ Kf7 19. Nf3 Nd7 20. Bxg6+ Kxg6 21. Qxd7 Qb4+ 22. Kf1 Ne7 23. Ne5+ Kh7 24. g6+ Kh6 25. Nf7+ Kxg6 26. Qe6+ 1-0

[Event "GER-chT U16"]
[Site "Verden an der Aller"]
[Date "2009.12.29"]
[Round "5.1"]
[White "Nguyen Minh, Thuy"]
[Black "Mao, Kevin"]
[Result "1/2-1/2"]
[WhiteElo "1915"]
[BlackElo "1706"]
[PlyCount "73"]
[EventDate "2009.12.27"]
[EventType "team-swiss"]
[EventRounds "7"]
[EventCountry "GER"]
[SourceTitle "EXT 2022"]
[Source "ChessBase"]
[SourceDate "2021.10.06"]
[SourceVersion "1"]
[SourceVersionDate "2021.10.06"]
[SourceQuality "1"]
[WhiteTeam "Chemnitz USG U16"]
[BlackTeam "Gernsheim U16"]
[WhiteTeamCountry "GER"]
[BlackTeamCountry "GER"]

1. e4 e5 2. Nf3 Nc6 3. Bc4 Bc5 4. d3 Nf6 5. c3 Bb6 6. 0-0 d6 7. Re1 0-0 8. Nbd2 Ne7 9. Nf1 Ng6 10. Ng3 c6 11. Bb3 h6 12. d4 Bg4 13. Qd3 Bxf3 14. gxf3 Qc8 15. Nf5 Nh5 16. Qf1 Qd8 17. Qh3 Nhf4 18. Qg4 Qf6 19. Be3 Bc7 20. Kh1 Kh7 21. Rg1 Rg8 22. dxe5 dxe5 23. Rgd1 Rgd8 24. Bc4 a6 25. a4 Rxd1+ 26. Rxd1 Rd8 27. Re1 Re8 28. Ng3 Rd8 29. Bxf4 Nxf4 30. Qf5+ Qxf5 31. Nxf5 g6 32. Ne3 Kg7 33. Rd1 Rxd1+ 34. Nxd1 b5 35. Bb3 Bb6 36. axb5 axb5 37. Bc2 1/2-1/2

[Event "GER-chT U16"]
[Site "Verden an der Aller"]
[Date "2009.12.28"]
[Round "4.1"]
[White "Mao, Kevin"]
[Black "Stahnecker, Ludwig"]
[Result "0-1"]
[WhiteElo "1706"]
[BlackElo "1989"]
[PlyCount "49"]
[EventDate "2009.12.27"]
[EventType "team-swiss"]
[EventRounds "7"]
[EventCountry "GER"]
[SourceTitle "EXT 2022"]
[Source "ChessBase"]
[SourceDate "2021.10.06"]
[SourceVersion "1"]
[SourceVersionDate "2021.10.06"]
[SourceQuality "1"]
[WhiteTeam "Gernsheim U16"]
[BlackTeam "Koblenz VfR U16"]
[WhiteTeamCountry "GER"]
[BlackTeamCountry "GER"]

1. e4 c5 2. Nc3 e6 3. f4 g6 4. Nf3 Bg7 5. Bc4 Nc6 6. 0-0 d6 7. d3 Nge7 8. Qe1 0-0 9. f5 gxf5 10. Qg3 fxe4 11. dxe4 Ng6 12. h4 Kh8 13. h5 Nge5 14. h6 Nxf3+ 15. Rxf3 Bd4+ 16. Be3 Rb8 17. Qf2 Ne5 18. Bxd4 cxd4 19. Qxd4 Qb6 20. Qxb6 Nxf3+ 21. Kf2 axb6 22. gxf3 Bd7 23. Rd1 Rbc8 24. Bb3 Bc6 25. Rd4 0-1